000 00605nam a2200229Ia 4500
003 OSt
005 20220918191805.0
006 a|||||r|||| 00| 0
007 ta
008 220917b |||||||| |||| 00| 0 eng d
024 _a65,057
037 _cTextual
040 _aARTS
_cARTS
_beng
041 _2eng
_aeng
082 _aR1xM48:g, M2
100 _aCurreie G
_977201
245 0 _aFrege
_b an introduction to his philosophy
260 _aSussex
_bHarvester Press
_c1982
300 _axi, 212p.
_ccm.
942 _hR1xM48:g, M2
_cTEXL
_2CC
999 _c191394
_d191394